Statistics for Biggest cities by ending letter A-Z

Click here to take the quiz!

General Stats

  • This quiz has been taken 57 times
    (17 since last reset)
  • The average score is 13 of 24

Answer Stats

LetterPopulationLocationAnswer% Correct
K22,200,000North AmericaNew York City
86%
W17,000,000Eastern EuropeMoscow
79%
O39,900,000East AsiaTokyo
79%
G20,000,000ChinaBeijing
71%
A30,300,000South East AsiaJakarta
71%
S18,200,000West AfricaLagos
71%
I29,500,000ChinaShanghai
71%
U45,600,000ChinaGuangzhou
64%
L24,600,000East AsiaSeoul
64%
Y5,000,000OceaniaSydney
64%
N14,700,000Middle EastTehran
64%
V3,450,000Eastern EuropeKiev
50%
E12,200,000South AsiaLahore
50%
X4,500,000North AmericaPhoenix
50%
H8,350,000South East AsiaHo Chi Minh City
43%
D9,600,000South AsiaHyderabad
43%
R8,450,000South East AsiaKuala Lumpur
43%
Z2,025,000South AmericaLa Paz
43%
M5,950,000East AfricaKhartoum
36%
B800,000Eastern EuropeZagreb
36%
P1,030,000Western EuropeAntwerp
29%
F4,892,200Western EuropeCologne/Dusseldorf
29%
C800,000North AmericaQuebec City
21%
T6,300,000South AsiaSurat
21%

Score Distribution

Percentile by Number Answered

Percent of People with Each Score

Your Score History

You have not taken this quiz since the last reset